000 00779nam a22002177a 4500
003 UA-OsUOA
001 132145
007 ta
008 20180710b un ||||| |||| 00| 0 ukr d
100 _aКондратенко Н.
090 _a81
_bК64
942 _cSA
040 _aUA-OsUOA
_bukr
_cUA-OsUOA
_dUA-OsUOA
245 _aКомунікативно-дискусивні дослідження в сучасному українському мовознавстві: тенденції та перспективи
300 _aС.64-74
955 _a0
041 _aukr
080 _a81
773 0 _w132140
_tУкраїнська мова
_dК.
_d2018
_g1
650 7 _a8 Мовознавство. Художня література. Літературознавство
_2UDC
999 _c420656
_d420656